00531nam a2200181Ia 450000500170000000800410001704000190005804100120007708200220008910000170011124500350012826000490016330000110021244000400022350400400026365000360030385000100033920221220120605.0131103s9999 xx 000 0 und d aLoreto College aEnglish a813.52 bHEM-YOU aYoung,Philip aErnest HemingwaycPhilip Young aMinneapolisbUniversity Of Minnesotacc 1959 a44 p.  aPamphlets On American Writers; No.1 aIncludes bibliographical references aAmerican Fiction - 20th Century aLCLIB